Aktuálny vývoj automobilového priemyslu a jeho vplyv na ekonomiku Slovenska diplomová práca

Saved in:
Bibliographic Details
Main Author: Staňová, Martina
Corporate Author: Obchodná fakulta EU. Katedra medzinárodného obchodu
Other Authors: Hlušková, Tatiana, 1987-
Format: Book
Language:Slovak
Published: Bratislava 2017
Tags: Add Tag
No Tags, Be the first to tag this record!

MARC

LEADER 00000nbm a2200000 4500
001 0230671
005 20170927112730.7
041 0 |a slo 
044 |a SK 
245 1 0 |a Aktuálny vývoj automobilového priemyslu a jeho vplyv na ekonomiku Slovenska  |b diplomová práca  |c Martina Staňová ; školiteľ: Tatiana Hlušková 
264 1 |a Bratislava  |c 2017 
300 |a 99 s. 
100 1 |a Staňová, Martina 
700 1 |a Hlušková, Tatiana, 1987- 
710 2 |a Obchodná fakulta EU. Katedra medzinárodného obchodu